• 首页
  • 本馆介绍
  • 公告通知
  • 最新文献
  • 馆藏检索
  • 电子资源
  • 读者导购
  • 参考咨询
  • 我的图书馆
  • 登录
  • 详细信息显示
  • 放入我的书架
  • 预约/预借图书
  • 作者相关作品
  • 分类相关作品
  • 丛书相关作品
  • 出版社相关作品

书目信息

  • 表格格式
  • 工作单格式
  • 卡片格式
题名:
图说金匮要略
    
 
作者: 李赛美 主编
分册:  
出版信息: 北京   人民卫生出版社  2017.5
页数: 247页
开本: 24cm
丛书名:
单 册:
中图分类: R222.3-64
科图分类:
主题词:
电子资源:
ISBN: 978-7-117-24345-2
000 00829nam0 2200229 450
001 0400001804
005 20171019162534.0
010    @a978-7-117-24345-2@dCNY56.00
100    @a20170802e2017 em y0chiy50 ea
101 0  @achi
102    @aCN@b110000
105    @aa z 000yy
106    @ar
200 1  @a图说金匮要略@9tu shuo jin kui yao lue@f李赛美主编
210    @a北京@c人民卫生出版社@d2017.5
215    @a247页@d24cm
330    @a本书通过近200幅漫画彩图,并结合幽默风趣的简要语言,在不违背经典著作基本理论和思想的前提下,简明介绍《金匮要略》相关疾病和方证内容,给读者鲜活地呈现一本喜闻乐见、不拘一格、妙趣横生的《金匮要略》中医经典漫画读本。
605    @a《金匮要略方论》@j图解
690    @aR222.3-64@v5
701  0 @a李赛美@9li sai mei@4主编
801  0 @aCN@b91MARC@c20171019
905    @b1025686-90@dR222.3-64@f5@e407
    
    图说金匮要略/李赛美主编.-北京:人民卫生出版社,2017.5
    247页;24cm
    
    
    ISBN 978-7-117-24345-2:CNY56.00
    本书通过近200幅漫画彩图,并结合幽默风趣的简要语言,在不违背经典著作基本理论和思想的前提下,简明介绍《金匮要略》相关疾病和方证内容,给读者鲜活地呈现一本喜闻乐见、不拘一格、妙趣横生的《金匮要略》中医经典漫画读本。
●
相关链接 在E读中查询图书 在五车中查询图书 在当当中查询图书 在豆瓣中查询图书


正题名:图说金匮要略     索取号:R222.3-64/407         预约/预借

序号 登录号 条形码 馆藏地/架位号 状态 备注
1 1025686   210256863   第二样本阅览室/ [索取号:R222.3-64/407] 在馆    
2 1025687   210256872   密集书库-生命科学系/ [索取号:R222.3-64/407] 在馆    
3 1025688   210256881   第三借阅区/ [索取号:R222.3-64/407] 在馆    
4 1025689   210256890   第三借阅区/ [索取号:R222.3-64/407] 在馆    
5 1025690   210256907   第三借阅区/ [索取号:R222.3-64/407] 在馆    
唐山师范学院图书馆 欢迎您!
大连网信软件有限公司© 版权所有